Význam inovačnej politiky pre efektívne nastavenie kúpeľných podnikov v cestovnom ruchu
Cestovný ruch je odvetvie, ktoré sa neustále vyvíja a je poháňané zmenami v správaní spotrebiteľov a pokrokom v technológiách. Aby si destinácie a podniky v cestovnom ruchu udržali konkurencieschopnosť, musia prijať inovácie ako prostriedok vytvárania nových produktov a skúseností, zlepšovania prevá...
Salvato in:
| Autore principale: | |
|---|---|
| Altri autori: | |
| Natura: | Capitolo di libro |
| Lingua: | slovacco |
| Soggetti: | |
| Tags: |
Nessun Tag, puoi essere il primo ad aggiungerne!!
|
MARC
| LEADER | 00000naa$a2200000$$$4500 | ||
|---|---|---|---|
| 001 | 0296621 | ||
| 005 | 20240502074510.4 | ||
| 041 | 0 | |a slo | |
| 044 | |a SK | ||
| 245 | 1 | 0 | |a Význam inovačnej politiky pre efektívne nastavenie kúpeľných podnikov v cestovnom ruchu |c Henrieta Harcsová, Stanislav Rudý |
| 520 | |a Cestovný ruch je odvetvie, ktoré sa neustále vyvíja a je poháňané zmenami v správaní spotrebiteľov a pokrokom v technológiách. Aby si destinácie a podniky v cestovnom ruchu udržali konkurencieschopnosť, musia prijať inovácie ako prostriedok vytvárania nových produktov a skúseností, zlepšovania prevádzkovej efektívnosti a zvyšovania celkového zážitku návštevníkov. V tomto príspevku predstavíme zloženie a štruktúru kúpeľných podnikov na Slovensku, preskúmame koncept inovačných systémov a inovačnej politiky v kontexte cestovného ruchu a kúpeľných podnikov v nadväznosti na podporu rozvoja trvalej udržateľnosti, zdravia a prosperity. | ||
| 610 | 2 | 0 | |a ruch cestovný |
| 610 | 2 | 0 | |a kúpeľníctvo |
| 610 | 2 | 0 | |a inovácia |
| 610 | 2 | 0 | |a politika inovačná |
| 100 | 1 | |a Harcsová, Henrieta, 1998- | |
| 700 | 1 | |a Rudý, Stanislav, 1997- | |